| 000 | 00000nam 2200000zi 4500 |
| 001 | 9.862561 |
| 003 | CaOODSP |
| 005 | 20250611103838 |
| 006 | m o d f |
| 007 | cr cn||||||||| |
| 008 | 181001t20182018onc o f000 0 fre d |
| 020 | |a9780660279688 |
| 040 | |aCaOODSP|bfre|erda|cCaOODSP |
| 043 | |an-cn--- |
| 086 | 1 |aA22-620/2018F-PDF |
| 245 | 00|aInitiative sur les systèmes agricoles et alimentaires autochtones : |bguide. |
| 264 | 1|a[Ottawa] : |bAgriculture et agroalimentaire Canada = Agriculture and Agri-Food Canada, |c[2018] |
| 264 | 4|c©2018 |
| 300 | |a1 ressource en ligne (19 pages) |
| 336 | |atexte|btxt|2rdacontent/fre |
| 337 | |ainformatique|bc|2rdamedia/fre |
| 338 | |aressource en ligne|bcr|2rdacarrier/fre |
| 500 | |aPublié aussi en anglais sous le titre : Indigenous Agriculture and Food Systems Initiative guide. |
| 500 | |aTitre de la couverture. |
| 520 | |a« Le présent guide : vous aidera à déterminer si vous êtes admissible à un financement d'Agriculture et Agroalimentaire Canada (AAC) dans le cadre de l'Initiative sur les systèmes agricoles et alimentaires autochtones; vous fournira des lignes directrices qui vous aideront à remplir le formulaire de proposition de cette Initiative. AAC a élaboré l'Initiative, un programme de 8,5 millions de dollars sur cinq ans qui appuiera les collectivités et les entrepreneurs autochtones qui sont prêts à lancer des projets sur les systèmes alimentaires et agricoles, ainsi que les autres qui veulent renforcer leur capacité à participer au secteur agricole et agroalimentaire canadien » -- Fourni par l'éditeur. |
| 692 | 07|2gccst|aAide à l'agriculture |
| 692 | 07|2gccst|aEntreprise autochtone |
| 710 | 1 |aCanada. |bAgriculture et agroalimentaire Canada. |
| 775 | 08|tIndigenous Agriculture and Food Systems Initiative guide.|w(CaOODSP)9.862560 |
| 856 | 40|qPDF|s879 Ko|uhttps://publications.gc.ca/collections/collection_2019/aac-aafc/A22-620-2018-fra.pdf |
| 986 | |a12862F |